00758nam a22002297a 450000500170000000800410001702000150005804100080007304400070008108200180008811000090010624500800011526000870019530000450028250000650032765000260039265000230041865000170044165000250045865000260048370000190050920140312084333.0140312bc200 zw ||||| |||| 00| 0 spa d a2831705649 aeng asz a591.042bU33r2 aUICN10a2000 UICN Red List of Threatened Speciesccompilado por Craig Hilton-Taylor aGland, SuizabUICNbSpecies Survival CommissionbConservation Internationalcc2000 a61 p. + CD-Rmbmapas, gráficosc28 cm. aIncluye CD.Rom con lista de especies y aplicativo CID-059964 0aWildlife conservation 0aEndangered species 1aRare animals 1aExtinction (Biology) 1aWildlife conservation1 aMeadway, Wendy